书目信息 |
| 题名: |
天下无贼
|
|
| 作者: | 赵本夫 , 赵本夫 著 | |
| 分册: | ||
| 出版信息: | 南宁 广西人民出版社 2004.12 |
|
| 页数: | 160页 | |
| 开本: | 21cm | |
| 丛书名: | ||
| 单 册: | ||
| 中图分类: | I247.7 | |
| 科图分类: | ||
| 主题词: | 短篇小说--中国--当代--作品集 | |
| 电子资源: | ||
| ISBN: | 7-219-05181-6 | |
| 000 | 00764nam0 2200265 450 | |
| 001 | 0134457937 | |
| 005 | 20050902200922.40 | |
| 010 | @a7-219-05181-6@dCNY17.00 | |
| 100 | @a20050324d2004 km y0chiy0120 ea | |
| 101 | 0 | @achi |
| 102 | @aCN@b450000 | |
| 105 | @aa z 000ay | |
| 200 | 1 | @a天下无贼@Atian xia wu zei@e插图本@f赵本夫著@Fzhao ben fu zhu |
| 210 | @a南宁@c广西人民出版社@d2004.12 | |
| 215 | @a160页@c彩图@d21cm | |
| 300 | @a最具人类善意 | |
| 304 | @a责任者取自封面。 | |
| 330 | @a本书是一本短篇小说集。 | |
| 517 | 1 | @a插图本@Acha tu ben |
| 606 | 0 | @a短篇小说@y中国@z当代@x作品集 |
| 690 | @aI247.7@v4 | |
| 701 | 0 | @a赵本夫@Azhao ben fu@4著 |
| 701 | 0 | @a赵本夫@Azhao ben fu@4著 |
| 801 | 0 | @aCN@bQSSK@c20050902 |
| 905 | @a10447@dI247.7@eZ291 | |
| 天下无贼:插图本/赵本夫著.-南宁:广西人民出版社,2004.12 |
| 160页:彩图;21cm |
| 最具人类善意 |
| ISBN 7-219-05181-6:CNY17.00 |
| 本书是一本短篇小说集。 |
| ● |
| 相关链接 |
|
|
|
正题名:天下无贼
索取号:I247.7/Z291
 
预约/预借
| 序号 | 登录号 | 条形码 | 馆藏地/架位号 | 状态 | 备注 |
| 1 | 567611 | 205676115 | 社科二线422/422社科库 25排3列5层/ [索取号:I247.7/Z291] | 在馆 | |
| 2 | 567612 | 205676124 | 文学库108/ [索取号:I247.7/Z291] | 在馆 | |
| 3 | 567613 | 205676133 | 社科二线422/422社科库 25排3列5层/ [索取号:I247.7/Z291] | 在馆 |